000 00427nam a22001451c 4500
001 082911061
008 051024s rus d
041 _arus
245 0 0 _aPaleografičeskij i lingvističeskij analiz novgorodskich berestjanych gramot /
_cAkademija Nauk SSSR, Institut Jazykoznanija
264 _aMoskva :
_bIzdat. Akad. Nauk SSSR,
_c[2005]
300 _a212 S. + Ill
942 _cMG
040 _cRU-10907106
003 RU-10907106
999 _c4763
_d4763